000
00300 a2200133 4500
001
156314
040
_c
Escola São Tomás de Aquino
100
_a
RIOS, Maria das Graças
240
1
0
_a
Chuva choveu
_l
por
245
1
0
_a
Chuva choveu
362
0
_a
2013
697
_a
*LITERATURA INFANTO
942
_c
BK
999
_c
156314
_d
156314